000 00917nam a2200313 a 4500
001 vtls001402289
003 NLI
005 20210627113038.0
008 121127m1963uuuunyua 001 0 eng
020 _cUSD 18.00
039 9 _y201211272016
_zVLOAD
040 _aNLI
_beng
_cDatasoft_2012
_eAACR2
041 0 _aeng
044 _a nyu
082 0 4 _a 636.0896
100 1 _aJubb, K. V. F.
_9976307
245 1 0 _aPathology of domestic animals /
_cK.V.F. Jubb and Peter C. Kennedy
260 _aNew York :
_bAcademic Press,
_c1963-
300 _a-v. :
_bill. ;
_c28 cm.
500 _aLibrary has vol.1,2
500 _aIncludes index
650 0 _aVeterinary pathology
700 1 _aKennedy, Peter C.
_q(Peter Carleton),
_d1923-,
_4jt.aut
_9976308
887 _a
901 _a358836
_b06.01.1964
_9v.1
901 _a362730
_b28.04.1964
_9v.2
902 _aS.T 636.0896 J 872
999 _aVIRTUA40
_c856751
_d856751
942 _2ddc
_cBKS